| 000 | 00489nam a2200205 a 4500 | ||
|---|---|---|---|
| 001 | 714 | ||
| 003 | CDMR | ||
| 005 | 20131029132417.0 | ||
| 008 | 130130s2002||||||||||||||||||||||||||||d | ||
| 020 | _a8467001852 | ||
| 040 |
_aCDMR _bcat _cCDMR |
||
| 100 | 1 |
_aEspada, Arcadi _9551 |
|
| 245 | 1 | 0 |
_aDiarios _cArcadi Espada |
| 260 |
_aMadrid _c2002 _bEspasa Calpe |
||
| 300 | _a280 p. | ||
| 490 | _aEspasa Hoy | ||
| 490 | _aEspasa Ensayo | ||
| 586 | _aPremi Espasa Ensayo 2002 | ||
| 942 |
_cMON _2ddc |
||
| 999 |
_c714 _d714 |
||